Catálogo

El astronauta perdido : (Registro nro. 68887)

Detalles MARC
000 -LEADER
fixed length control field 01326cam a2200373 i 4500
001 - CONTROL NUMBER
control field 68887
003 - CONTROL NUMBER IDENTIFIER
control field Mx-PuUPA
005 - DATE AND TIME OF LATEST TRANSACTION
control field 20260421144032.0
008 - FIXED-LENGTH DATA ELEMENTS--GENERAL INFORMATION
fixed length control field 250822s2015 mx a|||dr|||| 00| j spa d
020 ## - INTERNATIONAL STANDARD BOOK NUMBER
International Standard Book Number 9786072416888
020 ## - INTERNATIONAL STANDARD BOOK NUMBER
International Standard Book Number 9789687791760
Qualifying information de la colección El Barco de Vapor
040 ## - CATALOGING SOURCE
Original cataloging agency Mx-PuUPA
Language of cataloging spa
Transcribing agency Mx-PuUPA
Modifying agency Mx-PuUPA
Description conventions rda
041 0# - LANGUAGE CODE
Language code of text/sound track or separate title spa
100 1# - MAIN ENTRY--PERSONAL NAME
Personal name Califa, Oche,
Dates associated with a name 1955-
9 (RLIN) 13428
Relator term autor
245 13 - TITLE STATEMENT
Title El astronauta perdido :
Remainder of title y otros microrrelatos /
Statement of responsibility, etc. Oche Califa ; ilustraciones de Marcelo Zamor
250 ## - EDITION STATEMENT
Edition statement Primera edición
264 #1 - PRODUCTION, PUBLICATION, DISTRIBUTION, MANUFACTURE, AND COPYRIGHT NOTICE
Place of production, publication, distribution, manufacture Ciudad de México :
Name of producer, publisher, distributor, manufacturer SM de Ediciones,
Date of production, publication, distribution, manufacture, or copyright notice 2015
300 ## - PHYSICAL DESCRIPTION
Extent 75 páginas :
Other physical details ilustraciones ;
Dimensions 19 cm
336 ## - CONTENT TYPE
Fuente rdacontent
Content type term texto
Content type code txt
337 ## - MEDIA TYPE
Source rdamedia
Media type term sin medio
Media type code n
338 ## - CARRIER TYPE
Source rdacarrier
Carrier type term volumen
Carrier type code nc
490 1# - SERIES STATEMENT
Series statement El barco de vapor. Roja ;
Volume/sequential designation 67M
500 ## - GENERAL NOTE
General note Reimpresiones: (Primera, 2016).
521 1# - TARGET AUDIENCE NOTE
Target audience note 12+
650 #7 - SUBJECT ADDED ENTRY--TOPICAL TERM
Source of heading or term armarc
Topical term or geographic name entry element Cuentos infantiles
650 #7 - SUBJECT ADDED ENTRY--TOPICAL TERM
Source of heading or term armarc
Topical term or geographic name entry element Viajes interplanetarios
General subdivision Literatura infantil
650 #7 - SUBJECT ADDED ENTRY--TOPICAL TERM
Source of heading or term armarc
Topical term or geographic name entry element Ciencia ficción
General subdivision Literatura juvenil
700 1# - ADDED ENTRY--PERSONAL NAME
Personal name Zamora, Marcelo,
Relator term ilustrador
830 #3 - SERIES ADDED ENTRY--UNIFORM TITLE
Uniform title El barco de vapor
Name of part/section of a work Roja
Volume/sequential designation 67 M
942 ## - ADDED ENTRY ELEMENTS (KOHA)
Source of classification or shelving scheme Dewey Decimal Classification
Koha item type Libro
Classification part 863
Item part B2667
Existencias
Withdrawn status Lost status Source of classification or shelving scheme Damaged status Not for loan Collection code Home library Current library Shelving location Date acquired Source of acquisition Cost, normal purchase price Total Checkouts Full call number Barcode Date last seen Cost, replacement price Price effective from Koha item type
    Dewey Decimal Classification     Infantil Biblioteca Karol Wojtyla Biblioteca Karol Wojtyla Área infantil 20/08/2021 1 143.00   863 B2667 2015 101260 29/04/2026 143.00 20/08/2021 Libro infantil